000 01482nam a2200373 c 4500
003 BLK
005 20250714095252.0
008 180408b bul|||||r ||||||| ||bul||
010 _aKNG00097968000
020 _a978-954-655-239-6
_bиздат.: Бард
040 _aBLK
041 _aBUL
_cBUL
072 7 _2bullib
_aН8301
_xТрилъри Н
080 _aАмериканска литература (на САЩ)
_b821.111(73)
_x-312.4
_z821.111(73)-312.4
100 1 _aРолинс, Джеймс
_eпърви автор
_gЧайковски, Джим
_9116829
700 _aБожилов, Венцислав Божидаров
_cТеодосиев, Стефан, 1968- (псевдоним)
_d1968-
_9367877
139 _aРолинс, Джеймс
_bР 82
245 1 0 _aДяволската колония
_bРоман
_cДжеймс Ролинс; прев. Венцислав Божидаров Божилов.
257 _aUSA
260 София
_bБард
_c2011
300 _a480 с.
_c20 см
380 _aX
490 1 _aКралете на трилъра
500 _aОриг. загл. The Devil Colony / James Rollins. - Офс. изд.
653 _aромани
653 _aтрилъри
659 _aН
852 _aЦб 254764
856 4 _qpdf
_u
856 4 _qpdf
_u
942 _cKNG
_n0
_072
944 _aCR
_c06.04.2012
_lМоника Янева
_k30570
944 _aED
_c12.05.2017
_lф /
_kЛюдмила_Стоянова
999 _c93176
_d93176